| 000 | 00780cab a2200265 4500 | ||
|---|---|---|---|
| 001 | A355 | ||
| 008 | 090401t1992 xxu||||| |||| 00| 0 eng d | ||
| 035 | _a(Sirsi) u28653 | ||
| 041 | _aeng | ||
| 100 | _aAaron, M. H. | ||
| 245 | 4 | _aThe appraisal of churches and religious facilities | |
| 260 | _c1992 | ||
| 350 | _a0 | ||
| 490 |
_aAppraisal Journal _v60(1) January 1992, 99-106(8) |
||
| 520 | _aPresents alternatives to the typical appraisal method for valuing religious facilities. United States practice. | ||
| 650 | _aCHURCHES | ||
| 650 | _aRELIGIOUS BUILDINGS | ||
| 650 | _aUNITED STATES | ||
| 650 | _aVALUATION APPROACH | ||
| 690 | _aOVERSEAS-NORTH AMERICA | ||
| 690 | _aRATING AND VALUATION | ||
| 700 | _aWright, J.H. | ||
| 942 | _n0 | ||
| 948 | _c04/03/1997 | ||
| 999 |
_c19265 _d19265 |
||